Narcisa : Nuestra Señora de las Cenizas /

Gespeichert in:
Bibliographische Detailangaben
1. Verfasser: Shaw, Jonathan (autor)
Weitere Verfasser: Lunch, Lydia (prefacio) (prefacio), Martín Giráldez, Rubén (traducción) (traducción)
Format: Buch
Sprache:Spanisch
Veröffentlicht: México : Sexto Piso, 2016, c2016
Schriftenreihe:(Narrativa Sexto Piso)
Schlagworte:
Tags: Tag hinzufügen
Keine Tags, Fügen Sie das erste Tag hinzu!

MARC

LEADER 00000nam^a2200000^a^4500
001 000628655
005 20260219000000.0
009 20260310134117.454
020 |a 978-84-16358-18-2 
037 |a Acervo ITESO - Biblioteca 
041 |a ESP 
082 |a 813.  |b SHA 
100 |a Shaw, Jonathan  |e (autor) 
245 1 0 |a Narcisa :  |b Nuestra Señora de las Cenizas /  |c J. Shaw ; pref. de L. Lunch ; tr. por R. Martín Giráldez. 
264 4 |a México :  |b Sexto Piso,  |c 2016, c2016 
300 |a 701 p. 
336 |a texto  |b txt  |2 rdacontenido 
337 |a sin mediación  |b n  |2 rdamedio 
338 |a volumen  |b nc  |2 rdasoporte 
440 1 |a (Narrativa Sexto Piso) 
521 |a FIL 2025 DIA 
649 |a XX 
650 |a Novela Norteamericana 
650 |a Literatura Norteamericana -  |y Siglo XXI 
650 |a Adicciones en la Literatura 
650 |a Relaciones de Pareja en la Literatura 
650 |a Conducta Autodestructiva en la Literatura 
650 |a Nihilismo en la Literatura 
650 |a Río de Janeiro, Brasil (Ciudad) en la Literatura 
700 |a Lunch, Lydia  |e (prefacio) 
700 |a Martín Giráldez, Rubén  |e (traducción) 
910 |a Fondo General 
920 |a Impresos - Libros 
930 |a Colección General 
940 |a Literatura 
905 |a 101 
901 |a 628655-10  |b IT1  |c LIT  |i C192543  |u 20260219 
902 |a https://opac.biblio.iteso.mx/vufind/Record/000628655